Hommes du match en finale de Coupe du Monde - Statistiques

Statistiques générales
  • Ce quiz a été pris 77 fois
  • Le résultat moyen est 5 sur 6
Statistiques - réponses
Finale Homme du match % Correct
2022 Lionel Messi
99%
2018 Antoine Griezmann
93%
2002 Ronaldo
93%
2010 Andrés Iniesta
87%
2014 Mario Götze
80%
2006 Andrea Pirlo
51%
Aucun quiz correspondant
Distribution des résultats
% des personnes avec chaque résultat
Percentile par nombre de réponses
Votre historique - résultats
Vous n’avez pas pris ce quiz